书目信息 |
| 题名: |
Pro/ENGINEER Wildfire 3.0注塑模具设计
|
|
| 作者: | 葛正浩 编著 | |
| 分册: | ||
| 出版信息: | 北京 化学工业出版业 2008 |
|
| 页数: | 341页 | |
| 开本: | 26cm | |
| 丛书名: | CAD/CAE/CAM软件应用技术与实训丛书 | |
| 单 册: | ||
| 中图分类: | TQ320.5-39 | |
| 科图分类: | ||
| 主题词: | 塑料模具--su liao mo ju--计算机辅助设计--应用软件 | |
| 电子资源: | ||
| ISBN: | 978-7-122-01519-8 | |
| 000 | 01477nam 2200253 450 | |
| 001 | 0100000659 | |
| 005 | 20080611151713.93 | |
| 010 | @a978-7-122-01519-8@dCNY38.00 (含光盘) | |
| 100 | @a20080530d2008 em y0chiy50 ea | |
| 101 | 0 | @achi |
| 102 | @aCN@b110000 | |
| 105 | @aa z 000yy | |
| 200 | 1 | @aPro/ENGINEER Wildfire 3.0注塑模具设计@APro/ENGINEER Wildfire 3.0 zhu su mo ju she ji@f葛正浩编著 |
| 210 | @a北京@c化学工业出版业@d2008 | |
| 215 | @a341页@c图@d26cm@e光盘1片 | |
| 225 | 2 | @aCAD/CAE/CAM软件应用技术与实训丛书@ACAD/CAE/CAM ruan jian ying yong ji shu yu shi xun cong shu |
| 330 | @a本书主要介绍基于Pro/ENGINEERWildfire3。0中文版设计注塑模具的流程、方法和技巧,包括磨具装配模型的建立、分型面设计、浇注系统与冷却系统设计、生成模具成型零件、充模仿真与开模仿真、应用塑料顾问、模具布局、应用模架设计专家系统等方面的内容。各部分内容的介绍既有软件应用与操作的方法和技巧,又融入了注塑模具设计的基础知识和要点,还通过大量实例详细说明操作与设计过程,配套光盘中附有所有实例文件。 | |
| 333 | @a本书非常适合本行业的工程技术人员与学生使用可作为模具设计人员学习基于Pro/ENGINEER Wildfire 3.0 注塑模具的入门和提高的书籍,也可作为大专院校材料成型及控制工程、模具设计与制造等专业学生的教材或教学参考书 | |
| 410 | 0 | @12001 @aCAD/CAE/CAM软件应用技术与实训丛书 |
| 606 | 0 | @a塑料模具@Asu liao mo ju@x计算机辅助设计@x应用软件 |
| 690 | @aTQ320.5-39@v4 | |
| 701 | 0 | @a葛正浩@Age zheng hao@4编著 |
| 801 | 0 | @aCN@c20080611 |
| 905 | @b20801590-92@dTQ320.5-39@eG317@fTQ320.5-39/G317 | |
| Pro/ENGINEER Wildfire 3.0注塑模具设计/葛正浩编著.-北京:化学工业出版业,2008 |
| 341页:图;26cm+光盘1片.-(CAD/CAE/CAM软件应用技术与实训丛书) |
| 使用对象:本书非常适合本行业的工程技术人员与学生使用可作为模具设计人员学习基于Pro/ENGINEER Wildfire 3.0 注塑模具的入门和提高的书籍,也可作为大专院校材料成型及控制工程、模具设计与制造等专业学生的教材或教学参考书 |
| ISBN 978-7-122-01519-8:CNY38.00 (含光盘) |
| 本书主要介绍基于Pro/ENGINEERWildfire3。0中文版设计注塑模具的流程、方法和技巧,包括磨具装配模型的建立、分型面设计、浇注系统与冷却系统设计、生成模具成型零件、充模仿真与开模仿真、应用塑料顾问、模具布局、应用模架设计专家系统等方面的内容。各部分内容的介绍既有软件应用与操作的方法和技巧,又融入了注塑模具设计的基础知识和要点,还通过大量实例详细说明操作与设计过程,配套光盘中附有所有实例文件。 |
| ● |
| 相关链接 |
|
|
|
正题名:Pro/ENGINEER Wildfire 3.0注塑模具设计
索取号:TQ320.5-39/G317
 
预约/预借
| 序号 | 登录号 | 条形码 | 馆藏地/架位号 | 状态 | 备注 |
| 1 | 800019 | 208000198 | 自科库501/501自科库 140排6列4层/ [索取号:TQ320.5-39/G317] | 在馆 | |
| 2 | 800020 | 208000205 | 自科库501/501自科库 140排6列4层/ [索取号:TQ320.5-39/G317] | 在馆 | |
| 3 | 800021 | 208000214 | 期刊室512/501自科库 140排6列4层/ [索取号:TQ320.5-39/G317] | 在馆 |